| 000 | 01215nam a2200325Ia 4500 | ||
|---|---|---|---|
| 003 | OSt | ||
| 005 | 20221007123225.0 | ||
| 006 | a|||||r|||| 00| 0 | ||
| 007 | ta | ||
| 008 | 221006b |||||||| |||| 00| 0 eng d | ||
| 020 |
_a0387966897 (New York:hbd) _cDM 102.00 |
||
| 024 | _a3189 | ||
| 037 |
_bNarosa, _cTextual |
||
| 040 |
_aPAPL _cPAPL _beng |
||
| 041 |
_2eng _aeng |
||
| 082 | _aB7:3551, M9 | ||
| 100 |
_aParker Thomas S _9716904 |
||
| 245 | 0 |
_aPractical numerical algorithms for chaotic systems by Thomas S Parker and Leon O Chua _b Chua Leon O |
|
| 260 |
_aNew _bYork Springer-Verlag _c1989 |
||
| 300 |
_axiv,348p _ccm. |
||
| 500 | _aBibliography 333-339p; Index 340-348p; ^mPurchase^n23/CSL/Carpa/94-95/2201^d1994-11-14; ; 95-96/01^b1995-04-04^c039579^d1995-02-23^eRs.2,009.50^fNarosa Book Distributors Private Limited; ; 1995-04-04^bSB^c1996-07-22 | ||
| 650 |
_a ChaosDynamics _9716905 |
||
| 650 |
_a Dynamics _9453975 |
||
| 650 |
_a Nonlinear phenomena _9716906 |
||
| 650 |
_a Nonlinear systems _9715548 |
||
| 650 | _aMathematics | ||
| 700 | _a Chua Leon O | ||
| 942 |
_hB7:3551, M9 _cTEXL _2CC |
||
| 999 |
_c1211560 _d1211560 |
||